000 00620nam a2200241Ia 4500
003 OSt
005 20221007071630.0
006 a|||||r|||| 00| 0
007 ta
008 221006b |||||||| |||| 00| 0 eng d
024 _a9,104
037 _cTextual
040 _aFLL
_cFLL
_beng
041 _2eng
_aeng
082 _aZ1, J5.1
100 _aOppenheim L. Au.
_9689120
245 0 _aInternational law
260 _aLondon
_bEnglish language book society U.S.A.
_c1955
300 _a1072p
_ccm.
490 _vVol.1
942 _hZ1, J5.1
_cTEXL
_2CC
999 _c1143852
_d1143852